Loading...
Viswamahagranthangal : V.4 :world classics
| Main Author: | |
|---|---|
| Format: | Printed Book |
| Language: | Undetermined |
| Published: |
Thiruvananthapuram
State institute of languages
1992
|
| LEADER | 00526nam a2200157Ia 4500 | ||
|---|---|---|---|
| 008 | 140316s9999 xx 000 0 und d | ||
| 020 | |||
| 082 | |a 808.80142 |b RAM/VI | ||
| 100 | |a Ramesan,Pazhavila | ||
| 245 | |a Viswamahagranthangal : V.4 :world classics | ||
| 260 | |a Thiruvananthapuram |b State institute of languages |c 1992 | ||
| 300 | |||
| 650 | |||
| 942 | |2 ddc |c BK | ||
| 999 | |c 498 |d 498 | ||
| 952 | |0 0 |1 0 |2 ddc |4 0 |6 808_801420000000000_RAMVI |7 0 |9 587 |a KAUCLV |b KAUCLV |c GENERAL |d 2014-03-18 |o 808.80142 RAM/VI |p 201514 |r 2014-03-18 |w 2014-03-18 |y BK | ||